| 000 | 00352nam a2200133Ia 4500 | ||
|---|---|---|---|
| 005 | 20251222140030.0 | ||
| 008 | 251222s1900||||xx |||||||||||||| ||spa|| | ||
| 020 | _a84313077730 | ||
| 082 | _a248.4/F12 | ||
| 245 | 0 | _aDe Dignitate Matrimonii et Familiae Fovenda: | |
| 250 | _a1ra. ed. | ||
| 264 | _bFacultad de TeologĂa San Vicente Ferrer | ||
| 942 | _cLIB | ||
| 999 |
_c2944 _d2944 |
||